Hidden champions - lessons of a successful internationalization diplomová práca

Guardado en:
Detalles Bibliográficos
Autor principal: Ježková, Šárka
Autor Corporativo: Ekonomická univerzita v Bratislave. Ústav medzinárodných programov
Otros Autores: Ferenčíková, Soňa, 1960-
Formato: Libro
Lenguaje:inglés
Publicado: Bratislava 2015
Etiquetas: Agregar Etiqueta
Sin Etiquetas, Sea el primero en etiquetar este registro!

MARC

LEADER 00000nbm a2200000 4500
001 0208932
005 20161121123239.5
041 0 |a eng 
044 |a SK 
245 1 0 |a Hidden champions - lessons of a successful internationalization  |b diplomová práca  |c Šárka Ježková ; školiteľ: Soňa Ferenčíková 
264 1 |a Bratislava  |c 2015 
300 |a 82 s. 
100 1 |a Ježková, Šárka 
700 1 |a Ferenčíková, Soňa, 1960- 
710 2 |a Ekonomická univerzita v Bratislave. Ústav medzinárodných programov